Normal view
MARC view
- Barnard, Wm. N
Entry Personal Name
001 - CONTROL NUMBER
- control field: 41782
003 - CONTROL NUMBER IDENTIFIER
- control field: NUST
005 - DATE AND TIME OF LATEST TRANSACTION
- control field: 20210314132135.0
008 - FIXED-LENGTH DATA ELEMENTS
- fixed length control field: 210314|| aca||aabn | a|a d
040 ## - CATALOGING SOURCE
- Original cataloging agency: NUST
- Transcribing agency: NUST
100 ## - HEADING--PERSONAL NAME
- Personal name: Barnard, Wm. N
670 ## - SOURCE DATA FOUND
- Source citation: Work cat.: (NUST): Barnard, Wm. N., Heat-power engineering ..., 1933-1935, c1912-1935.
